000
00303nam a2200133Ia 4500
008
150201s2009 xx 000 0 und d
082
_a
611
_b
H09B
100
_a
BHARIHOKE,VEENA
245
_a
TB OF HISTOLOGY
250
_a
2ND
260
_b
AITBS
_a
DELHI
_c
2009
650
_a
HUMAN ANATOMY
942
_2
ddc
_c
BK
999
_c
668
_d
668